| 000 | 00707nam a2200217Ia 4500 | ||
|---|---|---|---|
| 005 | 20260128110810.0 | ||
| 008 | 210716s2011 xx 000 0 und d | ||
| 020 | _a9780071078405 | ||
| 040 | _cAIMIT LIBRARY | ||
| 041 | _aeng | ||
| 082 |
_a658.15 _28 _bCHAP |
||
| 100 |
_aChandra, Prasanna. _965209 |
||
| 245 |
_aFinancial management : _btheory and practice / _cBy Prasanna Chandra. |
||
| 250 | _a8th ed. | ||
| 260 |
_aNew Delhi : _bTata McGraw Hill Education Private Limited , _c2011. |
||
| 300 |
_axxx, 1062p. ; _bPB _c25 cm. |
||
| 650 |
_aThe financial system _965210 |
||
| 650 |
_aFundamental valuation concepts _965211 |
||
| 650 |
_aCapital budgeting _965212 |
||
| 942 |
_2ddc _cBK _e8th _k658.15 CHAP |
||
| 999 |
_c192944 _d192944 |
||